• 首页
  • 本馆介绍
  • 公告通知
  • 最新文献
  • 馆藏检索
  • 电子资源
  • 读者导购
  • 参考咨询
  • 我的图书馆
  • 登录
  • 详细信息显示
  • 放入我的书架
  • 预约/预借图书
  • 作者相关作品
  • 分类相关作品
  • 丛书相关作品
  • 出版社相关作品

书目信息

  • 表格格式
  • 工作单格式
  • 卡片格式
题名:
初等数学练习册
    
 
作者: 黄炜 , 姜俊彬 主编
分册:  
出版信息: 北京   科学出版社  2008
页数: 164页
开本: 24cm
丛书名:
单 册:
中图分类: O12-44
科图分类:
主题词: 初等数学--高等教育--习题 , 初等数学
电子资源:
ISBN: 978-7-03-022364-7
000 00900nam0 2200265 450
001 012015000445
005 20150914152523.73
010    @a978-7-03-022364-7@dCNY20.00
100    @a20081007d2008 em y0chiy50 ea
101 0  @achi
102    @aCN@b110000
105    @ay zq 000yy
106    @ar
200 1  @a初等数学练习册@Achu deng shu xue lian xi ce@f黄炜,姜俊彬主编
210    @a北京@c科学出版社@d2008
215    @a164页@d24cm
300    @a高等教育“十一五”规划教材 高职高专公共基础课教材系列
330    @a本书主要内容包括:集合、不等式与充要条件;函数;幂函数、指数函数、对数函数;任意角三角函数及其简化公式;加法定理及其推论、反三角函数等。
606 0  @a初等数学@x高等教育@j习题
606 0  @a初等数学
690    @aO12-44@v5
701  0 @a黄炜@Ahuang wei@c(数学)@4主编
701  0 @a姜俊彬@Ajiang jun bin@4主编
801  0 @aCN@b碧洲教育@c20150716
905    @a10447@f4@dO12-44@e135
    
    初等数学练习册/黄炜,姜俊彬主编.-北京:科学出版社,2008
    164页;24cm
    高等教育“十一五”规划教材 高职高专公共基础课教材系列
    
    ISBN 978-7-03-022364-7:CNY20.00
    本书主要内容包括:集合、不等式与充要条件;函数;幂函数、指数函数、对数函数;任意角三角函数及其简化公式;加法定理及其推论、反三角函数等。
●
相关链接 在E读中查询图书 在五车中查询图书 在当当中查询图书 在豆瓣中查询图书


正题名:初等数学练习册     索取号:O12-44/135         预约/预借

序号 登录号 条形码 馆藏地/架位号 状态 备注
1 0849330   208493307   第二样本阅览室/ [索取号:O12-44/135] 在馆    
2 0849331   208493316   第三借阅区/ [索取号:O12-44/135] 在馆    
3 0849332   208493325   第三借阅区/ [索取号:O12-44/135] 在馆    
4 0849333   208493334   密集书库-数信学院/ [索取号:O12-44/135] 在馆    
唐山师范学院图书馆 欢迎您!
大连网信软件有限公司© 版权所有